000 00329nam a22001337a 4500
008 170622b xxu||||| |||| 00| 0 eng d
020 _a0136849938
041 _aeng
080 _a32
100 _a21
101 _aSHP
245 _aPOLITICAL LEARNING, POLITICAL CHOICE, & DEMOCRATIC CITIZENSHIP
_cWEISSBERG,R
942 _2udc
_cBK
999 _c18763
_d18763